Design of equilibrium stage processes (Record no. 13251)

000 -LEADER
fixed length control field 00589nam a22002171 4500
001 - CONTROL NUMBER
control field 13251
003 - CONTROL NUMBER IDENTIFIER
control field BD-DhUET
008 - FIXED-LENGTH DATA ELEMENTS--GENERAL INFORMATION
fixed length control field 740517s1963 nyua b 000 0 eng
020 ## - INTERNATIONAL STANDARD BOOK NUMBER
International Standard Book Number 070586373
040 ## - CATALOGING SOURCE
Original cataloging agency DLC
Transcribing agency OAkU
Modifying agency BD-DhUET
082 ## - DEWEY DECIMAL CLASSIFICATION NUMBER
Classification number 660.28422
Item number SMI/1963
100 1# - MAIN ENTRY--PERSONAL NAME
Personal name Smith, Buford D.
245 10 - TITLE STATEMENT
Title Design of equilibrium stage processes
250 ## - EDITION STATEMENT
Edition statement 1st ed.
260 ## - PUBLICATION, DISTRIBUTION, ETC. (IMPRINT)
Place of publication, distribution, etc. New York
Name of publisher, distributor, etc. McGraw-Hill
Date of publication, distribution, etc. 1963
300 ## - PHYSICAL DESCRIPTION
Extent 647 p.
Other physical details ill.
Dimensions 24 cm.
490 ## - SERIES STATEMENT
Series statement McGraw-Hill chemical engineering series
504 ## - BIBLIOGRAPHY, ETC. NOTE
Bibliography, etc Includes bibliographies
650 #0 - SUBJECT ADDED ENTRY--TOPICAL TERM
Topical term or geographic name as entry element Chemical equilibrium
942 ## - ADDED ENTRY ELEMENTS (KOHA)
Koha item type General Book
Holdings
Koha normalized classification for sorting Not for loan Koha full call number Lost status Price effective from Sublocation or collection (holding branch) Damaged status Koha date last seen Koha item type Source of classification or shelving scheme Shelving location Copy number Piece designation (barcode) Location (home branch) Date acquired Withdrawn status
660_284220000000000_SMI_1963 660.28422/SMI/1963 2015-03-02Central Library, BUET 2015-03-02General Book Circulation section134954Central Library, BUET2015-03-02 
660_284220000000000_SMI_1963 660.28422/SMI/1963 2015-03-03Central Library, BUET 2015-03-03General Book Circulation section229845Central Library, BUET2015-03-03 
660_284220000000000_SMI_1963 660.28422/SMI/1963 2015-03-03Central Library, BUET 2015-03-03General Book Circulation section329841Central Library, BUET2015-03-03 
660_284220000000000_SMI_1963 660.28422/SMI/1963 2015-03-03Central Library, BUET 2015-03-03General Book Circulation section429847Central Library, BUET2015-03-03 
660_284220000000000_SMI_1963 660.28422/SMI/1963 2015-03-03Central Library, BUET 2015-03-03General Book Circulation section529853Central Library, BUET2015-03-03 
660_284220000000000_SMI_1963 660.28422/SMI/1963 2015-03-03Central Library, BUET 2015-03-03General Book Circulation section629843Central Library, BUET2015-03-03 
660_284220000000000_SMI_1963 660.28422/SMI/1963 2015-03-03Central Library, BUET 2015-03-03General Book Circulation section729844Central Library, BUET2015-03-03 
660_284220000000000_SMI_1963 660.28422/SMI/1963 2015-03-03Central Library, BUET 2015-03-03General Book Circulation section829840Central Library, BUET2015-03-03 
660_284220000000000_SMI_1963 660.28422/SMI/1963 2015-03-03Central Library, BUET 2015-03-03General Book Circulation section934955Central Library, BUET2015-03-03 
660_284220000000000_SMI_1963 660.28422/SMI/1963 2015-05-11Central Library, BUET 2015-05-11General Book Circulation section1011477Central Library, BUET2015-05-11 
660_284220000000000_SMI_1963 660.28422/SMI/1963 2015-05-11Central Library, BUET 2015-05-11General Book Circulation section1129846Central Library, BUET2015-05-11 
660_284220000000000_SMI_1963 660.28422/SMI/1963 2015-05-11Central Library, BUET 2015-05-11General Book Circulation section1234953Central Library, BUET2015-05-11 
660_284220000000000_SMI_1963 660.28422/SMI/1963 2015-05-11Central Library, BUET 2015-05-11General Book Circulation section1318836Central Library, BUET2015-05-11 
660_284220000000000_SMI_1963 660.28422/SMI/1963 2015-05-11Central Library, BUET 2015-05-11General Book Circulation section1429854Central Library, BUET2015-05-11 
660_284220000000000_SMI_1963 660.28422/SMI/1963 2015-05-11Central Library, BUET 2015-05-11General Book Circulation section1529856Central Library, BUET2015-05-11 
660_284220000000000_SMI_1963 660.28422/SMI/1963 2015-05-19Central Library, BUET 2015-05-19General Book Circulation section1629848Central Library, BUET2015-05-19 
660_284220000000000_SMI_1963 660.28422/SMI/1963 2015-06-18Central Library, BUET 2015-06-18Reading Item Reading section176449Central Library, BUET2015-06-18